<?xml version="1.0" encoding="UTF-8"?>
<record
    xmlns:xsi="http://www.w3.org/2001/XMLSchema-instance"
    xsi:schemaLocation="http://www.loc.gov/MARC21/slim http://www.loc.gov/standards/marcxml/schema/MARC21slim.xsd"
    xmlns="http://www.loc.gov/MARC21/slim">

  <leader>00468nam a2200181Ia 4500</leader>
  <controlfield tag="005">20250326130444.0</controlfield>
  <controlfield tag="008">250326s9999    xx            000 0 und d</controlfield>
  <datafield tag="037" ind1=" " ind2=" ">
    <subfield code="a">Textbook</subfield>
  </datafield>
  <datafield tag="040" ind1=" " ind2=" ">
    <subfield code="a">FMSL</subfield>
    <subfield code="b">eng</subfield>
    <subfield code="c">FMSL</subfield>
  </datafield>
  <datafield tag="041" ind1=" " ind2=" ">
    <subfield code="a">eng</subfield>
    <subfield code="2">eng</subfield>
  </datafield>
  <datafield tag="084" ind1=" " ind2=" ">
    <subfield code="a">X72(Z) Q1.3</subfield>
    <subfield code="q">FMSL</subfield>
  </datafield>
  <datafield tag="100" ind1=" " ind2=" ">
    <subfield code="a">Taxmann</subfield>
  </datafield>
  <datafield tag="245" ind1=" " ind2="0">
    <subfield code="a">Direct Taxes Mannual</subfield>
    <subfield code="c">Taxmann</subfield>
  </datafield>
  <datafield tag="250" ind1=" " ind2=" ">
    <subfield code="a">41</subfield>
  </datafield>
  <datafield tag="260" ind1=" " ind2=" ">
    <subfield code="a">India</subfield>
    <subfield code="b">India, Taxmann</subfield>
    <subfield code="c">2011</subfield>
  </datafield>
  <datafield tag="942" ind1=" " ind2=" ">
    <subfield code="c">TB</subfield>
    <subfield code="h">X72(Z) Q1.3</subfield>
  </datafield>
  <datafield tag="999" ind1=" " ind2=" ">
    <subfield code="c">1282569</subfield>
    <subfield code="d">1282569</subfield>
  </datafield>
  <datafield tag="952" ind1=" " ind2=" ">
    <subfield code="0">0</subfield>
    <subfield code="1">0</subfield>
    <subfield code="4">0</subfield>
    <subfield code="7">0</subfield>
    <subfield code="a">FMSL</subfield>
    <subfield code="b">FMSL</subfield>
    <subfield code="d">2025-03-26</subfield>
    <subfield code="l">0</subfield>
    <subfield code="o">X72(Z) Q1.3</subfield>
    <subfield code="p">ML1490578</subfield>
    <subfield code="r">2025-03-26 13:04:44</subfield>
    <subfield code="w">2025-03-26</subfield>
    <subfield code="y">TB</subfield>
  </datafield>
</record>
